| 000 | 00363nam a2200145Ia 4500 | ||
|---|---|---|---|
| 008 | 230917s9999||||xx |||||||||||||| ||und|| | ||
| 040 |
_e76607 _aMAIN |
||
| 041 | _aEnglish | ||
| 082 | _a658.3 M337P | ||
| 100 | _aMargerison, Charles J, ed. | ||
| 245 | 0 | _aPlanning for human resources | |
| 260 |
_aLondon _bLongman _c1974 |
||
| 300 | _axiv, 205 p. | ||
| 942 | _cBK | ||
| 999 |
_c205075 _d205075 |
||